000 01458nam a22003617a 4500
001 334
003 FISKH
005 20230324095405.0
008 230324b cb ||||| |||| 00| 0 eng d
020 _a9781405266116
040 _aDLC
_cDLC
_dDLC
_dFISKH
_beng
042 _alcac
050 0 0 _aPZ7.S6795
_bAu 2000
082 0 0 _a813.6
_221
100 1 _aSnicket, Lemony.
245 1 4 _aThe austere academy /
_cby Lemony Snicket ; illustrations by Brett Helquist.
260 _aNew York :
_bEgmont
_c2012
300 _a221 pages.
_bill. ;
_c19 cm
490 1 _aA series of unfortunate events ;
_vbk. 5
520 _aAs their outrageous misfortune continues, the Baudelaire orphans are shipped off to a miserable boarding school, where they befriend the two Quagmire triplets and find that they have been followed by the dreaded Count Olaf.
521 8 _a1120
_bLexile
650 1 _aOrphans
_vFiction.
650 1 _aBrothers and sisters
_vFiction.
650 1 _aBoarding schools
_vFiction.
650 1 _aSchools
_vFiction.
650 1 _aHumorous stories.
700 1 _aHelquist, Brett,
_eill.
800 1 _aSnicket, Lemony.
_tSeries of unfortunate events ;
_vbk. 5.
856 4 2 _3Publisher description
_uhttp://www.loc.gov/catdir/description/hc042/00024349.html
856 4 2 _3Contributor biographical information
_uhttp://www.loc.gov/catdir/enhancements/fy0911/00024349-b.html
906 _a7
_bcbc
_corignew
_d1
_eocip
_f20
_gy-gencatlg
942 _2ddc
_cBK
_n0
999 _c334
_d334